000 00671nam a2200265Ia 4500
005 20260121170658.0
008 008 260114s9999 xx 000 0 eng d
020 _a9783319951508
037 _aEBOOK
040 _aCRL
040 _beng
040 _cCRL
041 _2eng
041 _aeng
084 _qCRL
100 _aPaul Rogers
_91066839
245 0 _aPaul Rogers: A Pioneer in Critical Security Analysis and Public Engagement
260 _bSpringer
260 _bSpringer
260 _c2019
856 _uhttps://link.springer.com/openurl?genre=book&isbn=978-3-319-95150-8
942 _cEBOOK
999 _c1632569
_d1632569